Turn The Ship Around (Record no. 335602)

MARC details
000 -LEADER
fixed length control field 00473nam a2200157Ia 4500
008 - FIXED-LENGTH DATA ELEMENTS--GENERAL INFORMATION
fixed length control field 230718s9999 xx 000 0 und d
041 ## - LANGUAGE CODE
Language code of text/sound track or separate title eng
082 ## - DEWEY DECIMAL CLASSIFICATION NUMBER
Classification number 658.404
Item number MAR
100 ## - MAIN ENTRY--PERSONAL NAME
Personal name Marquet L.D.
9 (RLIN) 195877
245 ## - TITLE STATEMENT
Title Turn The Ship Around
Remainder of title A True Story Of Turning Followers Into Leaders
260 ## - PUBLICATION, DISTRIBUTION, ETC. (IMPRINT)
Date of publication, distribution, etc. 2012
Name of publisher, distributor, etc. Portfolio/Penguin
300 ## - PHYSICAL DESCRIPTION
Extent 236
365 ## - TRADE PRICE
Currency code Rs.
Price amount 799.00
700 ## - ADDED ENTRY--PERSONAL NAME
Personal name Marquet L.D.
9 (RLIN) 195877
906 ## - LOCAL DATA ELEMENT F, LDF (RLIN)
d O:0379524-Feb-2014B:484302-Jan-2014
c GENRL
b 175.78
Holdings
Withdrawn status Lost status Damaged status Not for loan Home library Current library Date acquired Vendor Budget Code Cost, normal purchase price Bill number Total Checkouts Full call number Barcode Date last seen Discount Cost, replacement price Bill Date Koha item type Original Barcode
        Cummins College of Engineering for Women Pune Cummins College of Engineering for Women Pune 24/02/2014 Technical Book Services GENRL 623.22 4843   658.404 CCEP-BK-46809 18/07/2023 175.78 799.00 02/01/2014 Books 046809